|
|
|
|
| LEADER |
01405cam a22002657i 4500 |
| 003 |
GR-PaULI |
| 005 |
20210117210339.0 |
| 008 |
950321s1994 fr f 100 0 fre d |
| 020 |
|
|
|a 2130461751
|
| 040 |
|
|
|a DLC
|c DLC
|b gre
|d GR-PaULI
|e AACR2
|
| 082 |
0 |
0 |
|a 303.483
|2 23
|
| 245 |
0 |
3 |
|a Le relativisme est-il résistible? :
|b regards sur la sociologie des sciences : actes du Colloque international "La sociologie de la connaissance scientifique, bilan et perspectives", Université de Paris-Sorbonne, 21-22 janvier 1993 /
|c ouvrage collectif dirigé par Raymond Boudon et Maurice Clavelin.
|
| 250 |
|
|
|a 1re éd.
|
| 260 |
|
|
|a Paris :
|b Presses universitaires de France,
|c c1994.
|
| 300 |
|
|
|a 324 σ. ;
|c 22 εκ.
|
| 490 |
0 |
|
|a Sociologies
|
| 504 |
|
|
|6 Περιλαμβάνει βιβλιογραφικές παραπομπές.
|
| 650 |
|
4 |
|a Επιστήμη
|x Φιλοσοφία
|x Κοινωνικές απόψεις
|9 86565
|
| 650 |
|
4 |
|9 160801
|a Επιστήμη
|x Κοινωνικές απόψεις
|x Συνέδρια
|
| 700 |
1 |
|
|9 160802
|a Boudon, Raymond.
|e επιμελητής
|
| 700 |
1 |
|
|9 160640
|a Clavelin, Maurice.
|e επιμελητής
|
| 942 |
|
|
|2 ddc
|c BK15
|
| 952 |
|
|
|0 0
|1 0
|2 ddc
|4 0
|6 303_483000000000000_REL
|7 0
|9 210779
|a PHIL
|b PHIL
|d 2017-03-13
|i 11849
|l 0
|o 303.483 REL
|p 025000135672
|r 2017-03-13 00:00:00
|t 1
|v 2017.00
|w 2017-03-13
|y BK15
|
| 998 |
|
|
|c ΚΑΝΕΛΛΟΠΟΥΛΟΥ
|d 2017-03
|
| 999 |
|
|
|c 128344
|d 128344
|